Guide to panini: An english of panini's aphorisms on sanskrit grammar (Record no. 395873)

MARC details
000 -LEADER
fixed length control field 00546 a2200193 4500
005 - DATE & TIME
control field 20260430145239.0
008 - FIXED-LENGTH DATA ELEMENTS--GENERAL INFORMATION
fixed length control field 260430b |||||||| |||| 00| 0 eng d
020 ## - ISBN
International Standard Book Number 9789360800130
Price Rs. 3495.00
040 ## - CATALOGING SOURCE
Original cataloging agency VIVEKANANDA LIBRARY
082 ## - DDC NUMBER
Classification number 491.25
Book Number V552G
100 ## - MAIN ENTRY--PERSONAL NAME
Personal name Vencatavaradiengar, S
245 ## - TITLE STATEMENT
Title Guide to panini: An english of panini's aphorisms on sanskrit grammar
260 ## - PUBLICATION, DISTRIBUTION, ETC. (IMPRINT)
Name of publisher, distributor, etc Manohar Publishers
Date of publication, distribution, etc 2025
Place of publication, distribution, etc New Delhi
300 ## - PHYSICAL DESCRIPTION
Pages v.
650 ## - Subject
Subject Languages
650 ## - Subject
Subject Sanskrit Grammar
650 ## - Subject
Subject Indo - Aryan Languages
942 ## - ADDED ENTRY ELEMENTS (KOHA)
Koha item type Books
Holdings
Withdrawn status Lost status Source of classification or shelving scheme Damaged status Not for loan Location (home branch) Sublocation or collection (holding branch) Shelving location Date acquired Koha issues (times borrowed) Koha full call number Accession No. Koha date last seen Koha item type
    Dewey Decimal Classification     VIVEKANANDA LIBRARY VIVEKANANDA LIBRARY Vivekananda Library 04/02/2026   491.25 V552G 438152 04/02/2026 Books
© Designed and Maintained by Vivekananda Library, MDU Rohtak